Normal view
MARC view
Entry Topical Term
001 - CONTROL NUMBER
- control field: 674
003 - CONTROL NUMBER IDENTIFIER
- control field: ARRUPE
005 - DATE AND TIME OF LATEST TRANSACTION
- control field: 20130918171641.0
008 - FIXED-LENGTH DATA ELEMENTS
- fixed length control field: 130918|| aca||aabn | a|a d
040 ## - CATALOGING SOURCE
- Original cataloging agency: ARRUPE
- Transcribing agency: ARRUPE
150 ## - HEADING--TOPICAL TERM
- Topical term or geographic name as entry element: Spiritual life
- General subdivision: Biblical teaching.
670 ## - SOURCE DATA FOUND
- Source citation: Work cat.: (ARRUPE)0: Abbott, Maureen. 673, With love beyond all telling :, c1991.